Top 15 des marques d'ordinateurs - 2021 - Statistiques

Statistiques générales
  • Ce quiz a été pris 667 fois
    648 depuis la dernière actualisation
  • Le résultat moyen est 6 sur 15
Statistiques - réponses
Classement (par ordre d'importance et de fiabilité ) Marque % Correct
1_ Apple
89%
7_ HP
73%
5_ Asus
70%
3_ Lenovo
63%
8_ Acer
60%
4_ Dell
56%
2_ Microsoft
42%
14_ MSI
30%
9_ Huaweï
29%
15_ Sony
25%
10_ Toshiba
19%
11_ Alienware
15%
6_ Razer
15%
12_ Compaq
6%
13_ Roccat
2%
Aucun quiz correspondant
Distribution des résultats
% des personnes avec chaque résultat
Percentile par nombre de réponses
Votre historique - résultats
Vous n’avez pas pris ce quiz depuis la dernière actualisation